Непрерывное многоуровневое образование и особенности трудоустройства лиц с нарушениями опорно-двигательной системы (Запись № 11703785)

Подробности
000 -МАРКЕР
контрольное поле 02610nam0a2200361 i 4500
001 - ИДЕНТИФИКАТОР ЗАПИСИ
контрольное поле RU\NLR\BIBL_A\011441307
005 - ИДЕНТИФИКАТОР ВЕРСИИ
контрольное поле 20260503060030.0
010 ## - МЕЖДУНАРОДНЫЙ СТАНДАРТНЫЙ НОМЕР КНИГИ (ISBN)
Номер (ISBN) 9785950009983
Тираж 50
021 ## - НОМЕР ГОСУДАРСТВЕННОЙ РЕГИСТРАЦИИ
Код страны Российская Федерация
Номер 2017-46684
Номер Листа государственной регистраци 3361
035 ## - ДРУГИЕ СИСТЕМНЫЕ НОМЕРА
Идентификатор записи (RuMoRGB)008921804
035 ## - ДРУГИЕ СИСТЕМНЫЕ НОМЕРА
Идентификатор записи (NLR Aleph) 011441307
100 ## - ДАННЫЕ ОБЩЕЙ ОБРАБОТКИ
Данные общей обработки 20170719d2013 km y0rusy50 ca
101 0# - ЯЗЫК РЕСУРСА
Язык текста, звукозаписи и т.д. русский
102 ## - СТРАНА ПУБЛИКАЦИИ ИЛИ ПРОИЗВОДСТВА
Страна публикации Российская Федерация
105 ## - ПОЛЕ КОДИРОВАННЫХ ДАННЫХ: ТЕКСТОВЫЕ МАТЕРИАЛЫ, МОНОГРАФИЧЕСКИЕ
Кодированные данные о монографическом текстовом документе a|||z|||000yy
200 1# - ЗАГЛАВИЕ И СВЕДЕНИЯ ОБ ОТВЕТСТВЕННОСТИ
Основное заглавие Непрерывное многоуровневое образование и особенности трудоустройства лиц с нарушениями опорно-двигательной системы
Первые сведения об ответственности В.Д. Байрамов, А.В. Герасимов, М.В. Макарова
Последующие сведения об ответственности Министерство образования и науки Российской Федерации, Федеральное государственное бюджетное образовательное учреждение высшего профессионального образования для инвалидов с нарушением опорно-двигательной системы "Московский государственный гуманитарно-экономический институт" (МГГЭИ), Научно-исследовательская лаборатория по проблемам профессионального образования инвалидов с нарушением опорно-двигательной системы
210 ## - ПУБЛИКАЦИЯ, РАСПРОСТРАНЕНИЕ И ДР.
Место издания, распространения и т.д. Москва
Имя издателя, распространителя и т. д. Экон-Информ
Дата издания, распространения и т.д. 2013
215 ## - ФИЗИЧЕСКАЯ ХАРАКТЕРИСТИКА
Специфическое обозначение материала и объем 99 с.
Другие сведения о физической характеристике ил., табл.
Размеры 22
320 ## - ПРИМЕЧАНИЯ О НАЛИЧИИ В ДОКУМЕНТЕ БИБЛИОГРАФИИ / УКАЗАТЕЛЯ
Текст примечания Библиогр.: с. 79-86 и в подстроч. примеч.
606 1# - НАИМЕНОВАНИЕ ТЕМЫ КАК ПРЕДМЕТ
Наименование темы Лица с ограниченными физическими возможностями
Тематический подзаголовок Профессиональное образование
Системный номер авторитетной/нормативной записи 2121182
Идентификатор авторитетной/нормативной записи RU\NLR\AUTH\661584532
606 ## - НАИМЕНОВАНИЕ ТЕМЫ КАК ПРЕДМЕТ
Наименование темы Инвалиды
Тематический подзаголовок Трудоустройство
Системный номер авторитетной/нормативной записи 1176122
Идентификатор авторитетной/нормативной записи RU\NLR\AUTH\66472635
686 ## - ИНДЕКСЫ ДРУГИХ КЛАССИФИКАЦИЙ
Индекс Р11(2)339.418,07
Код системы
686 ## - ИНДЕКСЫ ДРУГИХ КЛАССИФИКАЦИЙ
Индекс У9(2)272.24,07
Код системы
686 1# - ИНДЕКСЫ ДРУГИХ КЛАССИФИКАЦИЙ
Индекс Ч439.6
686 1# - ИНДЕКСЫ ДРУГИХ КЛАССИФИКАЦИЙ
Индекс У27(2)224
700 #1 - ИМЯ ЛИЦА - ПЕРВИЧНАЯ ОТВЕТСТВЕННОСТЬ
Начальный элемент ввода Байрамов
Часть имени, кроме начального элемента ввода В. Д.
Даты 1957-
Расширение инициалов личного имени Вагиф Дейрушевич
701 #1 - ИМЯ ЛИЦА - АЛЬТЕРНАТИВНАЯ ОТВЕТСТВЕННОСТЬ
Код отношения Автор
Графика поля Кириллица
Материалы, к которым относится поле rus
Начальный элемент ввода Герасимов
Часть имени, кроме начального элемента ввода А. В.
Дополнения к именам, кроме дат д-р филос. наук
Даты 1953-
Расширение инициалов личного имени Анатолий Васильевич
Системный номер авторитетной/нормативной записи 52124
Идентификатор авторитетной/нормативной записи RU\NLR\AUTH\7769196
701 #1 - ИМЯ ЛИЦА - АЛЬТЕРНАТИВНАЯ ОТВЕТСТВЕННОСТЬ
Начальный элемент ввода Макарова
Часть имени, кроме начального элемента ввода М. В.
Дополнения к именам, кроме дат канд. социол. наук
Расширение инициалов личного имени Марина Владимировна
Системный номер авторитетной/нормативной записи 132377
Идентификатор авторитетной/нормативной записи RU\NLR\AUTH\770132411
942 ## - ДОПОЛНИТЕЛЬНЫЕ ЭЛЕМЕНТЫ ЗАПИСИ (АБИС)
Тип экземпляра АБИС Книга
980 ## - КОЛЛЕКЦИЯ
Название коллекции НБР

Нет доступных экземпляров.